|
|
|
|
| LEADER |
00000nab a2200000 a 4500 |
| 001 |
vtls000406526 |
| 003 |
SK-MaSNL |
| 005 |
20260303210730.0 |
| 008 |
230629c1990 xo 0 slo |
| 015 |
|
|
|a SNBRB19rr/mm-uuuuu
|
| 035 |
|
|
|a CL0406650
|
| 035 |
|
|
|a urn:nbn:sk:snk-ab1sa2
|
| 035 |
|
|
|a (urnnbn)urn:nbn:sk:snk:ar-a00bm9
|
| 035 |
|
|
|a (uuid)598a72a1-3fa8-4a0d-8a8c-8703b26912be
|
| 040 |
|
|
|a SNKBUCL
|b slo
|c SNKBUCL
|e AACR2
|
| 041 |
0 |
|
|a slo
|
| 044 |
|
|
|a xo
|c SK
|
| 080 |
|
|
|a 379.8-053.2/.6
|2 1981
|
| 100 |
1 |
|
|a Hudcovičová, A.
|4 aut
|9 970756
|
| 245 |
1 |
0 |
|a Voľný čas nemusí byť nuda
|c A. Hudcovičová, V. Komorovská, B. Šupšáková
|
| 650 |
0 |
7 |
|a deti a mládež
|2 snkbucl
|9 774
|
| 650 |
0 |
7 |
|a voľný čas
|2 snkbucl
|9 3355
|
| 655 |
|
7 |
|a články z novín a časopisov
|2 snkbucl
|9 267496
|
| 700 |
1 |
|
|a Komorovská, Vladimíra,
|d 1961-
|4 aut
|9 226198
|
| 700 |
1 |
|
|a Šupšáková, Božena,
|d 1958-
|4 aut
|9 10516
|
| 773 |
0 |
|
|t Rodina a škola
|g Roč. 37, č. 9 (1990), s. 12-13
|
| 850 |
|
|
|a Slovenská národná knižnica v Martine
|a MTA001
|
| 852 |
|
|
|a SNK
|b KIS3GCP
|
| 954 |
|
|
|a odborná, vedecká literatúra pôvodná (slovenská)
|2 lita
|
| 958 |
|
|
|a RK
|
| 958 |
|
|
|a OND
|
| 958 |
|
|
|a EUIPO
|
| 958 |
|
|
|a article27
|
| 992 |
|
|
|a RBX
|
| 999 |
|
|
|c 2201427
|d 2203357
|